000 00407nam a2200181Ia 4500
001 16787
005 20260306170336.0
008 260306t2003||||xx |||||||||||||| ||und||
041 _aESP
082 _a657
_bH76 2003
100 _aHorngren, Charles T.
_eAUT
245 0 _aContabilidad
260 _c2003
300 _a539 páginas :
_c
650 _aGEN
654 _aCCO
942 _cLIB
_dJUS
_fJUS
_2ddc
_n
999 _c16787
_d16787